Регионална библиотека "Любен Каравелов" - Русе

Нощен влак за Вавилон (Запис номер 23314)

MARC детайли
000 -Лидер
Лидер 01060nam a2200277 a 4500
003 - Код на организацията, давaща контролен номер
Код на организацията, даваща контролен номер BLK
005 - Дата и час на последна редакция
Дата и час на последна редакция 20250103091547.0
008 - Елементи от данни с фиксирана дължина
Елементи с фиксирана дължина 180413b bul|||||r ||||||| ||bul||
040 ## - Източник на каталожния запис
Код на библиотеката BLK
041 ## - Код за език
Език Български
Език за КДБФ Български
080 ## - УДК
УДК текст Американска литература (на САЩ)
УДК код 821.111(73)
УДК – определител -32
УДК – код + определител 821.111(73)-32
084 ## - Класификационен индекс по друга класификация
Авторски знак Бре - Б 80
100 1# - Редна дума - Автор
Автор Бредбъри, Рей Дъглас
R(LIN) 43146
245 10 - Сведения за заглавието
Заглавие Нощен влак за Вавилон
Подзаглавни данни Нови разкази
Авторска отговорност Рей Бредбъри; прев. от англ. Крум Бъчваров.
257 ## - Страна на издаване
Страна на създаване/издаване Съединени американски щати
260 ## - Област на издателските данни
Място на издаване София
Име на издателя Бард
Година на издаване 1999
Печатница Хасково : Полиграфюг
300 ## - Физическа характеристика
Брой страници 192 с.
Размер 20 см
380 ## - Жанр
Жанр Худож. лит.
490 ## - СЕРИИ (Колекции)
Серия Избрана световна фантастика
Номер в серията 61
500 ## - Общи забележки
Обща забележка Ориг. загл. Driving Blind / Ray Bradbury.
700 1# - Други автори (авторска отговорност)
Друг автор Бъчваров, Крум
Авт. отговорност на др. автор прев. от англ.
9 (RLIN) 364186
852 ## - Местоположение
Отдел Основен фонд - ползва се само за читалня
942 ## - АРТИКУЛИ
Вид на библиотечния документ Книги
Скрит в OPAC Не
944 ## - СЪЗДАВАНЕ И РЕДАКЦИЯ на ЗАПИСА
Създаване/Редакция Редакция
Дата на регистрацията/редакция 2024-01-03
Служител, извършил регистрацията/редакцията 30540
Номер на служител Севдалина Тодорова
999 ## - СИСТЕМНИ КОНТРОЛНИ НОМЕРА
Koha biblionumber 23314
Koha biblioitemnumber 23314
Наличности
Код за отписване Код за изгубен артикул Източник на класификационната схема Код за повреда Коз за рестрикции Код за отдаване Артикулен № Име на библиотеката - собственик Име на библиотеката, в която се намира в момента Статус (Текущо местоположение) Дата на вписване в системата Местоположение - отдел Цена в лева Инвентарен номер Систематично азбучна сигнатура Баркод Номер на екземпляра Цена в евро Служебен тип на артикула Служебна бележка
Изтеглен Не е изгубен Universal Decimal Classification Не е повреден без рестрикции заемане за дома 38479 Регионална библиотека "Любен Каравелов" Русе Регионална библиотека "Любен Каравелов" Русе Заемна - подръчен фонд 2001-01-01 Заемна - подръчен фонд 3.50 645852 П 820(73)-32/Б 80 645852 1 1.79 Книги  
  Не е изгубен Universal Decimal Classification Не е повреден без рестрикции заемане за дома 38480 Регионална библиотека "Любен Каравелов" Русе Регионална библиотека "Любен Каравелов" Русе Заемна - подръчен фонд 2001-01-01 Заемна - подръчен фонд 3.50 645854 П 820(73)-31/Б 80 120000645854 2 1.79 Книги Дата инв: 05.08.2015 Бележки инв: Д2015
  Не е изгубен Universal Decimal Classification Не е повреден само за читалня ползва се в читалня 957482 Регионална библиотека "Любен Каравелов" Русе Регионална библиотека "Любен Каравелов" Русе Хранилище 2025-01-07 Основен фонд - ползва се само за читалня 3.50 120000916338 Цб 326011 120000916338   1.79 Книги  
Vip Innovations Ltd, Rousse, Bulgaria 2025